Things that start or end with ENT - Statistics

General Stats
  • This quiz has been taken 50 times
  • The average score is 12 of 20
Answer Stats
Question Answer % Correct
Making no noise or sound Silent
95%
A person receiving medical care Patient
91%
Shape similar to that of the moon when it is less than half of a circle Crescent
84%
A mother or father of a person or an animal Parent
79%
The part of a building that is wholly or partly below ground level Basement
77%
Keep a group of people interested or enjoying themselves Entertain
77%
An individual who creates a new business, bearing most of the risks and enjoying most of the rewards Entrepreneur
77%
The main dish of a meal Entree
72%
A door, gate, etc. by which you can enter a building or place Entrance
70%
To design and/or create something that has never been made before Invent
63%
The name of a fictional spacecraft, and setting for many Star Trek films Enterprise
60%
One of the seven large land masses on the earth's surface Continent
56%
A distinctive smell, especially one that is pleasant Scent
56%
Anything that happens, especially something important or unusual Event
49%
Curved and not straight or flat Bent
42%
The two parts of the Christian Bible Testament
42%
The group of people who travel with and work for an important or famous person Entourage
40%
To persuade someone to do something by offering them something pleasant Entice
33%
An event that happens by chance or that is without apparent or deliberate cause. Accident
19%
The former capital of Uganda (1894–1962) Entebbe
9%
No matching quizzes found
Score Distribution
Percent of People with Each Score
Percentile by Number Answered
Your Score History
You have not taken this quiz